000 00434cam a22001457a 4500
008 180718b2002 xxu||||| |||| 00| 0 eng d
082 _aAPPPA 2001-02 PRA/32
100 _aPoddar, Ashok Kumar
245 _aLiberalization vis-a-vis labour in posts
_cby Ashok Kumar Poddar
260 _aNew Delhi
_bIndian Institute of Public Administration
_c2002
300 _av.p.
650 _aAPPPA
650 _aLabour
650 _aLiberalisation
999 _c492067
_d492067